00883nam a2200205 a 4500003000400000005001700004008004100021017001900062040001400081080004500095245011200140260008400252300004000336500003100376504002400407650007700431650006900508700003000577710007000607OSt20151102140002.0140708s2014 spc|||||| 000 0|cat|d aDL Gi 120-2014 cCDMRbcat a77.03(467.1 Gi Girona)"1976/2014"(061.4)00a1976-2014, la crònica dels canvis b: el periodisme a les comarques gironines c[direcció: Enric Pujol] aGirona bCol·legi de Periodistes de Catalunya, Demarcació de GironacDL 2011 a197 p. bil. (algunes col.) c24 cm aCatàleg de l'exposició aBibliografia p. 197 4aFotoperiodismezCatalunyaxGirona (Província)xHistòriaxExposicions 4aPremsazCatalunyazGirona (Província)xHistòriaxExposicions1 aPujol, Enricd1960-edir.2 aCol·legi de Periodistes de Catalunyab -- Demarcació de Girona